000 00658nam a2200277Ia 4500
005 20260324135240.0
008 008 260324s9999 xx 000 0 eng d
020 _a9780429152917
037 _aEBOOK
040 _aCRL
040 _beng
040 _cCRL
041 _2eng
041 _aeng
084 _qCRL
100 _aRobert Miller; Jeffrey Wickens
_91199896
245 0 _aBrain Dynamics and the Striatal Complex
260 _bTaylor and Francis
260 _c2000
365 _a
365 _b320
856 _uhttp://www.taylorfrancis.com/books/9780429152917
942 _cEBOOK
999 _c1800763
_d1800763